000 01370ngm a22003610a 4500
001 PT23336
003 AR-LpoUNG
005 20210202000333.0
007 vd cvaizq
008 191001s1993||||ag |||||||||||||||||spa d
037 _c$15
040 _aAR-LpoUNG
_bspa
_cAR-LpoUNG
_eaacr
041 _aspa
044 _aag
082 0 _a307.76 778otr16
100 1 _aPolosecki, Fabián
245 1 3 _aLa costilla de Adán :
_btravestis
260 _aBuenos Aires :
_bs.n.,
_c1993.
300 _aDVD (51 min.) : son., col.
505 0 _aProducción: Rubén Viñoles - Coordinación: Irene Bais.
520 _aPrograma de televisión del ciclo ®El otro lado», con idea, producción y entrevistas de Fabián Polosecki. Combina el registro documental con elementos de ficción para registrar situaciones, espacios y personajes desconocidos de la vida cotidiana de la ciudad. Registro documental de entrevistas, música incidental y relato en off a cargo de Fabián Polosecki. Incluye cuadros de historieta en blanco y negro de las imágenes del programa.
650 4 _aARGENTINA
650 4 _aMEDIO URBANO
650 4 _aPOBLACION URBANA
650 4 _aSOCIOLOGIA URBANA
651 4 _aArgentina
653 _aCINE ARGENTINO
653 _aDOCUMENTALES
653 _aVIDEOS
710 2 _aInsert Coin (firma comercial)
905 _a23336
942 _cDVD
999 _c54663
_d54663